| 000 | 00818cam a22002175a 4500 | ||
|---|---|---|---|
| 001 | L159278 | ||
| 008 | 070327s2016 xxkao f 000 0 eng d | ||
| 020 | _a9781848069186 | ||
| 035 | _a(Sirsi) u159278 | ||
| 041 | 0 | _aeng | |
| 050 | 0 | 4 | _a627.4 $2 18 |
| 110 | 2 | _aBuilding Research Establishment | |
| 245 | 0 | 0 | _aSoakaway design |
| 260 |
_aWatford _bIHS BRE Press _c2016 |
||
| 300 |
_a8p. _bill. _c30cm. |
||
| 490 | 0 |
_aBRE Digest _v365 (Revised) |
|
| 520 | _aDescribes design and construction procedures for soakaways, explains how to calculate rainfall design values and soil infiltration rates, and gives design examples. Supersedes 2007 edition. | ||
| 651 | 4 |
_aUnited Kingdom _y |
|
| 690 | _aENVIRONMENTAL AND LAND CONSULTANCY-WATER RESOURCE MANAGEMENT-DRAINAGE-SUSTAINABLE URBAN DRAINAGE SYSTEMS | ||
| 942 | _n0 | ||
| 999 |
_c115778 _d115778 |
||